Statistics for Countries with parties in the socialist international

Click here to take the quiz!

General Stats

  • This quiz has been taken 42 times
  • The average score is 48 of 81

Answer Stats

MembersCountry% Correct
1France
95%
1United Kingdom
95%
1Russia
89%
1Mexico
87%
1Spain
87%
1Brazil
84%
1Turkey
84%
1Belgium
82%
1Finland
82%
1Italy
82%
1Portugal
82%
1Austria
79%
1Greece
79%
2Hungary
79%
1India
79%
1Ireland
79%
1Belarus
76%
1Argentina
74%
2Bulgaria
74%
1Japan
74%
1South Africa
74%
3Venezuela
74%
1Albania
71%
1Angola
71%
3Chile
71%
1Croatia
71%
1Iran
71%
1Lithuania
71%
1Romania
71%
1Armenia
68%
1Azerbaijan
68%
1Czech Republic
68%
2Montenegro
68%
1Colombia
66%
1Iraq
66%
1Pakistan
66%
1Uruguay
66%
1Algeria
63%
1Bosnia and Herzegovina
63%
1Paraguay
63%
1Slovakia
63%
1Dominican Republic
61%
1Morocco
61%
1Niger
61%
1Peru
61%
2Israel
58%
1Moldova
58%
1Panama
58%
1Democratic Republic of the Congo
55%
1Guatemala
55%
1Guinea
55%
1Andorra
53%
2Haiti
53%
1Kazakhstan
53%
2Mongolia
53%
1Mozambique
53%
1Nepal
53%
1Yemen
50%
1Cyprus
47%
1Ghana
47%
1Tunisia
47%
1Chad
45%
1Costa Rica
45%
1Kyrgyzstan
45%
2Mali
45%
1Philippines
45%
1San Marino
45%
1Central African Republic
42%
1Jamaica
39%
1Lebanon
39%
1Burkina Faso
37%
1Namibia
37%
1Cameroon
34%
1Mauritania
34%
1Senegal
34%
1Palestine
32%
1Cape Verde
29%
1Equatorial Guinea
26%
2Mauritius
18%
2Northern Cyprus
3%
1Puerto Rico
3%

Score Distribution

Percentile by Number Answered

Percent of People with Each Score

Your Score History

You have not taken this quiz